Welcome to the Holygrace Academy Library

Please use search bar below to get started

UP FROM SLAVERY (Record no. 5676)

MARC details
000 -LEADER
fixed length control field 00269nam a22001217a 4500
082 ## - DEWEY DECIMAL CLASSIFICATION NUMBER
Classification number 920
Item number WAS/U
100 ## - MAIN ENTRY--AUTHOR NAME
Personal name WASHINGTON, BOOKER T
245 ## - TITLE STATEMENT
Title UP FROM SLAVERY
260 ## - PUBLICATION, DISTRIBUTION, ETC. (IMPRINT)
Place of publication DELHI
Name of publisher CONVENT PUBLICATIONS
300 ## - PHYSICAL DESCRIPTION
Number of Pages 231
650 ## - SUBJECT ADDED ENTRY--TOPICAL TERM
Topical Term AUTOBIOGRAPHY
Geographic subdivision DELHI
942 ## - ADDED ENTRY ELEMENTS (KOHA)
Koha item type Books
Holdings
Withdrawn status Lost status Collection code Home library Current library Shelving location Date acquired Source of acquisition Full call number Accession Number Koha item type
    Reference Main Library Main Library SHELF-17-J-BIOGRAPHIES & AUTOBIOGRAPHIES 19/04/2013 PURCHASE 920 WAS/U 07129 Books